|
|
|
|
| LEADER |
00000cas a2200000 a 4500 |
| 001 |
vtls001321043 |
| 003 |
SK-MaSNL |
| 005 |
20260228155648.0 |
| 008 |
180810d19001933xo ar 0 0b0hun |
| 035 |
|
|
|a SNK000273693
|
| 040 |
|
|
|a SNK
|b slo
|c SNK
|e AACR2
|
| 041 |
0 |
|
|a hun
|
| 044 |
|
|
|a xo
|c SK
|
| 072 |
|
7 |
|a 34
|x Právo
|2 konspekt
|
| 080 |
|
|
|a 34
|2 2011
|
| 080 |
|
|
|a 378.4
|2 2011
|
| 080 |
|
|
|a (047.1)
|2 2011
|
| 245 |
0 |
|
|a A Pozsonyi Királyi Jogakadémia vkönyve az ... iskolaévről
|
| 260 |
|
|
|a Pozsony
|b Eder István Könyvnyomda
|c 1900-1933
|
| 300 |
|
|
|a zv.
|
| 310 |
|
|
|a 1x ročne
|
| 362 |
0 |
|
|a 1899/1900-1933/1934
|z SKP
|
| 610 |
2 |
7 |
|a Kráľovská právnická akadémia v Bratislave
|2 SNKKA
|9 265106
|
| 650 |
0 |
7 |
|a právo
|2 SNKPH
|9 976
|
| 655 |
|
7 |
|a výročné správy
|2 SNKPH
|9 70580
|
| 752 |
|
|
|a Slovensko
|d Bratislava
|
| 910 |
|
|
|a snk
|
| 958 |
|
|
|a ONDV
|
| 999 |
|
|
|c 125
|d 125
|
| 952 |
|
|
|0 0
|1 0
|4 0
|7 0
|a SNK
|b SNK
|d 1998-02-16
|l 0
|o snkČSC 183/1907-1908
|p 17A0123049
|r 2005-01-02 00:00:00
|w 2026-02-21
|y PREZ
|
| 952 |
|
|
|0 0
|1 0
|4 0
|7 0
|a SNK
|b SNK
|d 1998-02-16
|l 0
|o snkČSC 183/1904-1905
|p 17A0123096
|r 2005-01-02 00:00:00
|w 2026-02-21
|y PREZ
|
| 952 |
|
|
|0 0
|1 0
|4 0
|7 0
|a SNK
|b SNK
|d 1998-02-16
|l 0
|o snkČSC 183/1903-1904
|p 17A0123452
|r 2005-01-02 00:00:00
|w 2026-02-21
|y PREZ
|
| 952 |
|
|
|0 0
|1 0
|4 0
|7 0
|a SNK
|b SNK
|d 1998-02-16
|l 0
|o snkČSC 183/1902-1903
|p 17A0123356
|r 2005-01-02 00:00:00
|w 2026-02-21
|y PREZ
|
| 952 |
|
|
|0 0
|1 0
|4 0
|7 0
|a SNK
|b SNK
|d 1998-02-16
|l 0
|o snkČSC 183/1901-1902
|p 17A0123127
|r 2005-01-02 00:00:00
|w 2026-02-21
|y PREZ
|
| 952 |
|
|
|0 0
|1 0
|4 0
|7 0
|a SNK
|b SNK
|d 1998-02-16
|l 0
|o snkČSC 183/1900-1901
|p 17A0121317
|r 2005-01-02 00:00:00
|w 2026-02-21
|y PREZ
|
| 952 |
|
|
|0 0
|1 0
|4 0
|7 0
|a SNK
|b SNK
|d 1998-02-16
|l 0
|o snkČSC 183/1899-1900
|p 17A0123126
|r 2005-01-02 00:00:00
|w 2026-02-21
|y PREZ
|
| 952 |
|
|
|0 0
|1 0
|4 0
|7 0
|a SNK
|b SNK
|d 1998-02-16
|l 0
|o snkČSC 183/1906-1907
|p 17A0123341
|r 2005-01-02 00:00:00
|w 2026-02-21
|y PREZ
|
| 952 |
|
|
|0 0
|1 0
|4 0
|7 0
|a SNK
|b SNK
|d 2014-05-13
|i snkXI. 2930/55
|l 0
|o snkČSC 183/1905-1906 D1
|p 17A1075238
|r 2026-02-21 21:03:28
|w 2026-02-21
|y PREZ
|
| 952 |
|
|
|0 0
|1 0
|4 0
|7 0
|8 5
|a SNK
|b SNK
|d 2014-05-13
|i snkF 2937/83
|l 0
|o snkČSC 183/1904-1905 D1
|p 17A1075276
|r 2026-02-21 21:03:28
|w 2026-02-21
|y PREZ
|
| 952 |
|
|
|0 0
|1 0
|4 0
|7 0
|8 5
|a SNK
|b SNK
|d 2014-05-13
|i snkF 4320/75
|l 0
|o snkČSC 183/1902-1903 D1
|p 17A1075277
|r 2026-02-21 21:03:28
|w 2026-02-21
|y PREZ
|
| 952 |
|
|
|0 0
|1 0
|4 0
|7 0
|8 5
|a SNK
|b SNK
|d 2014-05-13
|i snkF 4319/75
|l 0
|o snkČSC 183/1901-1902 D1
|p 17A1075278
|r 2026-02-21 21:03:28
|w 2026-02-21
|y PREZ
|
| 952 |
|
|
|0 0
|1 0
|4 0
|7 0
|8 5
|a SNK
|b SNK
|d 2014-05-13
|i snkF 2566/84
|l 0
|o snkČSC 183/1899-1900 D1
|p 17A1075286
|r 2026-02-21 21:03:28
|w 2026-02-21
|y PREZ
|
| 952 |
|
|
|0 0
|1 0
|4 0
|7 0
|a SNK
|b SNK
|d 1998-02-16
|l 0
|o snkČSC 183/1905-1906
|p 17A0123355
|r 2005-01-02 00:00:00
|w 2026-02-21
|y PREZ
|
| 952 |
|
|
|0 0
|1 0
|4 0
|7 0
|8 5
|a SNK
|b SNK
|d 2017-11-02
|i snkF 183/13
|l 0
|o snkČSC 183/1912-1913
|p 17A1188877
|r 2026-02-21 22:05:04
|w 2026-02-21
|y PREZ
|
| 952 |
|
|
|0 0
|1 0
|3 Rekatalogizácia
|4 0
|7 0
|8 5
|a SNK
|b SNK
|d 2016-11-14
|i snkF 2048/79
|l 0
|o snkČSC 183/1911-1912 D1
|p 17A1186012
|r 2026-02-21 22:17:18
|w 2026-02-21
|y PREZ
|
| 952 |
|
|
|0 0
|1 0
|4 0
|7 0
|8 3
|a SNK
|b SNK
|d 2016-11-14
|i snkČSK 103/58
|l 0
|o snkČSC 183/1913-1914 D1
|p 17A1186011
|r 2026-02-21 22:17:18
|w 2026-02-21
|y PREZ
|z R. 1913-1914
|
| 952 |
|
|
|0 0
|1 0
|3 Rekatalogizácia
|4 0
|7 0
|8 5
|a SNK
|b SNK
|d 2016-11-14
|i snkF 2884/83
|l 0
|o snkČSC 183/1900-1901 D1
|p 17A1186542
|r 2026-02-21 22:17:28
|w 2026-02-21
|y PREZ
|z R. 1900-1901
|
| 952 |
|
|
|0 0
|1 0
|3 Rekatalogizácia
|4 0
|7 0
|8 5
|a SNK
|b SNK
|d 2016-11-14
|i snkF 2938/83
|l 0
|o snkČSC 183/1907-1908 D1
|p 17A1186543
|r 2026-02-21 22:17:28
|w 2026-02-21
|y PREZ
|z R. 1907-1908
|
| 952 |
|
|
|0 0
|1 0
|3 Rekatalogizácia
|4 0
|7 0
|8 5
|a SNK
|b SNK
|d 2016-11-14
|i snkF 2046/79
|l 0
|o snkČSC 183/1908-1909 D1
|p 17A1186541
|r 2026-02-21 22:17:28
|w 2026-02-21
|y PREZ
|z R. 1908-1909
|
| 952 |
|
|
|0 0
|1 0
|3 Rekatalogizácia
|4 0
|7 0
|8 5
|a SNK
|b SNK
|d 2016-11-14
|i snkF 2047/79
|l 0
|o snkČSC 183/1909-1910 D1
|p 17A1186539
|r 2026-02-21 22:17:28
|w 2026-02-21
|y PREZ
|z R. 1909-1910
|
| 952 |
|
|
|0 0
|1 0
|3 Rekatalogizácia
|4 0
|7 0
|8 5
|a SNK
|b SNK
|d 2016-11-14
|i snkF 4170/75
|l 0
|o snkČSC 183/1910-1911 D1
|p 17A1186013
|r 2026-02-21 22:17:28
|w 2026-02-21
|y PREZ
|z R. 1910-1911
|
| 952 |
|
|
|0 0
|1 0
|4 0
|7 0
|8 5
|a SNK
|b SNK
|d 2019-02-27
|i snkF 4006/70
|l 0
|o snkČSC 183/1913-1914 D2
|p 17A1344844
|r 2026-02-21 22:28:34
|w 2026-02-21
|y PREZ
|
| 952 |
|
|
|0 0
|1 0
|4 0
|7 0
|a SNK
|b SNK
|d 2019-02-27
|i snk 2388/29
|l 0
|o snkČSC 183/1913-1914
|p 17A0736112
|r 2026-02-21 22:28:34
|w 2026-02-21
|y PREZ
|z R. 1913-1914
|